000 00863nam a2200229 a 4500
001 BRCA_1550
005 20190320203452.0
008 960424s1995 mx-a---##b---#000-0#spa-d
020 _a9682982596
040 _aCMalG
_cCMalG
_dDLC
050 4 _aNB793
_b.M55 1995
100 1 _aMilles, Carl
_d1875-1955
_94983
245 1 0 _aCarl Milles
_besculturas.
260 _aMéxico
_bCONACULTA : INBA
_c1995
300 _a80 p.
_bil. (algunas a color)
_c30 cm.
500 _aCatálogo de la exposición realizada en el Museo del Palacio de Bellas Artes : Sala Diego Rivera (Ciudad de México), septiembre 1995 - enero 1996
500 _aIncluye lista de las esculturas exhibidas y de los dibujos exhibidos
504 _aBibliografía: p. 78
600 1 4 _aMilles, Carl
_d1875-1955
_vExposiciones
_94984
650 1 4 _aEscultura
_vExposiciones
_zMéxico
_94985
942 _2lcc
_cB
999 _c1392
_d1392